THE KINGS TREASURIES OF LITERATURE. (Record no. 1284779)

MARC details
000 -LEADER
fixed length control field 00517nam a2200181Ia 4500
008 - FIXED-LENGTH DATA ELEMENTS--GENERAL INFORMATION
fixed length control field 151202s9999||||xx |||||||||||||| ||und||
082 ## - DEWEY DECIMAL CLASSIFICATION NUMBER
Item number PNVM-18795
100 ## - MAIN ENTRY--PERSONAL NAME
Personal name COUCH A.T. QUILLER.
245 ## - TITLE STATEMENT
Title THE KINGS TREASURIES OF LITERATURE.
260 ## - PUBLICATION, DISTRIBUTION, ETC. (IMPRINT)
Name of publisher, distributor, etc "J.M. DENT & SONS LTD, LONDON."
260 ## - PUBLICATION, DISTRIBUTION, ETC. (IMPRINT)
Date of publication, distribution, etc 1952
300 ## - PHYSICAL DESCRIPTION
Extent 128
600 ## - SUBJECT ADDED ENTRY--PERSONAL NAME
Personal name COUCH A.T. QUILLER.
630 ## - SUBJECT ADDED ENTRY--UNIFORM TITLE
Uniform title THE KINGS TREASURIES OF LITERATURE.
700 ## - ADDED ENTRY--PERSONAL NAME
Personal name COUCH A.T. QUILLER.
730 ## - ADDED ENTRY--UNIFORM TITLE
Uniform title THE KINGS TREASURIES OF LITERATURE.
942 ## - ADDED ENTRY ELEMENTS (KOHA)
Koha item type Book
Holdings
Withdrawn status Lost status Damaged status Not for loan Home library Current library Date acquired Cost, normal purchase price Total Checkouts Full call number Barcode Date last seen Cost, replacement price Price effective from Koha item type
        Pune Nagar Vachan Mandir, Pune Pune Nagar Vachan Mandir, Pune 06/21/2015 0.00   PNVM-18795 PNVM-18795 12/02/2015 0.00 12/02/2015 Book